The quest for modernity : (Record no. 5147)
[ view plain ]
| 000 -LEADER | |
|---|---|
| fixed length control field | 00788nac a22001811u 4500 |
| 020 ## - INTERNATIONAL STANDARD BOOK NUMBER | |
| International Standard Book Number | 070071247X |
| 082 ## - DEWEY DECIMAL CLASSIFICATION NUMBER | |
| Classification number | 320.962 |
| Item number | M512 |
| 090 ## - LOCALLY ASSIGNED LC-TYPE CALL NUMBER (OCLC); LOCAL CALL NUMBER (OCLC) | |
| -- | 5147 |
| -- | 5147 |
| 100 ## - MAIN ENTRY--PERSONAL NAME | |
| Personal name | Meijer, Roel. |
| 245 ## - TITLE STATEMENT | |
| Title | The quest for modernity : |
| Remainder of title | secular liberal and left-wing political thought in Egypt, 1945-1958/ |
| Statement of responsibility, etc | Roel Meijer |
| 260 ## - PUBLICATION, DISTRIBUTION, ETC. (IMPRINT) | |
| Place of publication, distribution, etc | London : |
| Name of publisher, distributor, etc | RoutledgeCurzon, 2002. |
| Date of publication, distribution, etc | 2002 |
| 300 ## - PHYSICAL DESCRIPTION | |
| Extent | x, 278 p. ; |
| Dimensions | 23 cm. |
| 504 ## - BIBLIOGRAPHY, ETC. NOTE | |
| Bibliography, etc | Includes bibliographical references and index. |
| 650 ## - SUBJECT ADDED ENTRY--TOPICAL TERM | |
| Topical term or geographic name as entry element | Egypt |
| General subdivision | Politics and government |
| Chronological subdivision | 20th century. |
| 650 ## - SUBJECT ADDED ENTRY--TOPICAL TERM | |
| Topical term or geographic name as entry element | Egypt |
| General subdivision | Intellectual life. |
| Chronological subdivision | 20th century |
| 942 ## - ADDED ENTRY ELEMENTS (KOHA) | |
| Item type | Book - Borrowing |
| Call number prefix | 320.962 M512 |
| Withdrawn status | Item status | Damaged status | Not for loan | Home library | Current library | Shelving location | Date acquired | Source of acquisition | Total Checkouts | Full call number | Barcode | Checked out | Date last seen | Date last borrowed | Koha item type |
|---|---|---|---|---|---|---|---|---|---|---|---|---|---|---|---|
| Central Library | Central Library | First floor | 18/10/2007 | Purchase | 1 | 320.962 MEI | 000006159 | 07/05/2009 | 25/09/2008 | 25/09/2008 | Book - Borrowing |